00959nam a2200193Ia 4500008004100000020001500041050001700056100003300073245008400106260003500190300001800225490005300243500005600296504003300352505029900385650003500684650002500719650002100744121027s9999 xx 000 0 und d a844931674X aRC488.5bD56 aDio Bleichmar, Emilceeautor aManual de psicoterapia de la relación padres e hijosc / Emilce Dio Bleichmar aEspañab : Paidósc , 2005 a547 páginas aPsicología, Psiquiatría, Psicoterapíav225 aIncluye: Sumario Prefacio Introducción Apéndice aBibliografía (pp. 527-548) aEl sistema motivacional de la regulación emocional El sistema motivacional del apego y de cuidados del adulto El sistema motivacional del narcisismo El sistema motivacional de la sensualidad/sexualidad La clínica infantil: clínica de la relación de padres e hijos Acción terapéutica 0aENFERMEDADES MENTALESxTERAPIA 0aSISTEMA MOTIVACIONAL 0aPSICOPATOLOGÍA